000 00391nam a2200133Ia 4500
008 210210b2000 xxu||||| |||| 00| 0 eng d
082 _a355.092 GANG
100 _aGANAPATHY (B D).
245 _aGeneral cariappa 75th year felicitation souvenir.
260 _aMangalore
_bThe general cariappa felicitation committee.
_c2000
300 _a45...
690 _aMilitary Science
906 _a045809
999 _c95227
_d95227